[Event "MCR mladeze 2014, D12"]
[Site "Kouty nad Desnou"]
[Date "2014.03.12"]
[Round "6"]
[White "Beranova, Karin"]
[Black "Steiningerova, Jana"]
[Result "1-0"]
[WhiteElo "1366"]
[BlackElo "1083"]
[PlyCount "97"]
[EventDate "2014.03.08"]

1. e4 d5 2. exd5 Nf6 3. Nf3 Nxd5 4. Bc4 e6 5. O-O Nc6 6. Nc3 Nf4 7. d4 Qf6 8.
Bxf4 Qxf4 9. Re1 Bd6 10. Re4 Qf6 11. Qe2 O-O 12. Rd1 Re8 13. Nd5 Qg6 14. Bd3
Qf5 15. Re5 Qg4 16. Bxh7+ Kxh7 17. Ng5+ Kg8 18. Qxg4 Bxe5 19. dxe5 exd5 20. Qh5
Nxe5 21. Re1 Bf5 22. f4 Bg6 23. Qh3 f6 24. fxe5 fxg5 25. Qb3 Rad8 26. e6 Re7
27. Qxb7 a5 28. Qa6 Rde8 29. Qxa5 Rxe6 30. Rxe6 Rxe6 31. Qxd5 Bf7 32. Qxg5 Rg6
33. Qd8+ Kh7 34. Qxc7 Bxa2 35. c4 Re6 36. Qc5 Re4 37. Qh5+ Kg8 38. Qd5+ Kh8 39.
Qxe4 Kg8 40. Qa8+ Kh7 41. Qxa2 Kg6 42. c5 Kf6 43. c6 Ke7 44. c7 Kd7 45. Qf7+
Kc8 46. Qe7 g6 47. Qd8+ Kb7 48. c8=Q+ Ka7 49. Qdc7# 1-0

[Event "MCR mladeze 2014, D12"]
[Site "Kouty nad Desnou"]
[Date "2014.03.12"]
[Round "6"]
[White "Solcova, Andrea"]
[Black "Janotkova, Katerina"]
[Result "0-1"]
[WhiteElo "1260"]
[BlackElo "1023"]
[PlyCount "46"]
[EventDate "2014.03.08"]

1. Nf3 f5 2. g3 Nf6 3. Bg2 g6 4. O-O Bg7 5. d3 d6 6. Nbd2 e5 7. e4 f4 8. Nc4
Nc6 9. gxf4 Nh5 10. fxe5 dxe5 11. Be3 O-O 12. Qe2 Be6 13. Rad1 Nf4 14. Bxf4
Rxf4 15. h3 Nd4 16. Nxd4 exd4 17. Nd2 Qg5 18. Nf3 Qh5 19. Kh2 Be5 20. Kg1 Bxh3
21. Bxh3 Qxh3 22. Nxe5 Rh4 23. Qf3 Qh2# 0-1

[Event "MCR mladeze 2014, D12"]
[Site "Kouty nad Desnou"]
[Date "2014.03.12"]
[Round "6"]
[White "Jordova, Zdenka"]
[Black "Postranecka, Zuzana"]
[Result "0-1"]
[WhiteElo "1050"]
[BlackElo "1100"]
[PlyCount "86"]
[EventDate "2014.03.08"]

1. e4 e5 2. Nf3 Nf6 3. Nc3 Nc6 4. Bb5 d5 5. d3 dxe4 6. dxe4 Qxd1+ 7. Kxd1
Bd7 8. Ke2 Bc5 9. Re1 O-O 10. Kf1 Rfe8 11. Kg1 Nd4 12. Re3 Nxc2 13. Rb1 Nxe3
14. Bxe3 Bxe3 15. fxe3 Bxb5 16. Nxb5 Rad8 17. Nxc7 Re7 18. Rc1 Red7 19. Kf2 Rc8
20. Nxe5 Rcxc7 21. Re1 Rd2+ 22. Kf3 Rxb2 23. Rd1 g6 24. Rd8+ Kg7 25. Nd3 Rd2
26. e5 Nh5 27. g4 Rc3 28. Ke4 f5+ 29. gxf5 gxf5+ 30. Kxf5 Rcxd3 31. Re8 Rf2+
32. Kg4 Rg2+ 33. Kf5 Kf7 34. Re6 Ng7+ 35. Ke4 Nxe6 36. Kxd3 Rxh2 37. Ke4 Rc2
38. Kd5 b5 39. Ke4 b4 40. Kd3 Rc8 41. Kd2 b3 42. Kd1 b2 43. Kd2 b1=Q 0-1

[Event "MCR mladeze 2014, D12"]
[Site "Kouty nad Desnou"]
[Date "2014.03.13"]
[Round "7"]
[White "Nemcova, Karin"]
[Black "Markova, Kristyna"]
[Result "0-1"]
[WhiteElo "1696"]
[BlackElo "1366"]
[PlyCount "136"]
[EventDate "2014.??.??"]

1. e4 e5 2. Nf3 Nf6 3. Nxe5 d6 4. Nf3 Nxe4 5. c4 Nc6 6. Nc3 Nxc3 7. dxc3 Be6 8.
Be2 Be7 9. O-O O-O 10. Be3 d5 11. cxd5 Bxd5 12. Qc2 Bd6 13. Rad1 Be6 14. Ng5 g6
15. Nxe6 fxe6 16. h3 Qe7 17. Rfe1 Rad8 18. Qb3 Bf4 19. Bxf4 Rxf4 20. Qxb7 Qc5
21. Rxd8+ Nxd8 22. Qa8 Qxf2+ 23. Kh2 Qxe1 24. Qxd8+ Rf8 25. Qd3 Qf2 26. b4 Qf4+
27. Kh1 Qd6 28. Qe3 Qb6 29. Qe4 Rd8 30. Bg4 Rd6 31. a4 Qc6 32. Qe3 h5 33. Bf3
Qxa4 34. Qe4 Kf7 35. Qf4+ Kg7 36. Qe5+ Kh7 37. Qf6 Qd7 38. Qg5 Qd8 39. Qf4 Rd1+
40. Bxd1 Qxd1+ 41. Kh2 Qd6 42. Kg3 g5 43. Qxd6 cxd6 44. Kf3 Kg7 45. g4 h4 46.
Ke4 Kf7 47. c4 Ke7 48. Kd4 Kd7 49. Ke4 Kc6 50. Kd4 a6 51. Ke4 d5+ 52. cxd5+
exd5+ 53. Ke5 Kb5 54. Kxd5 Kxb4 55. Ke5 a5 56. Kf5 a4 57. Kxg5 a3 58. Kxh4 a2
59. Kg5 a1=Q 60. h4 Qg7+ 61. Kf5 Kc5 62. h5 Kd6 63. g5 Qh7+ 64. Kf6 Qxh5 65. g6
Qe5+ 66. Kf7 Qe7+ 67. Kg8 Ke6 68. Kh8 Kf6 0-1

[Event "MCR mladeze 2014, D12"]
[Site "Kouty nad Desnou"]
[Date "2014.03.13"]
[Round "7"]
[White "Vilimova, Julie"]
[Black "Gresova, Zuzana"]
[Result "0-1"]
[WhiteElo "1573"]
[BlackElo "1550"]
[PlyCount "112"]
[EventDate "2014.??.??"]

1. e4 c5 2. Nf3 e6 3. d4 cxd4 4. Nxd4 Nf6 5. Nc3 Nc6 6. Ndb5 Bc5 7. Bf4 O-O 8.
Bc7 Qe7 9. Bd6 Bxd6 10. Qxd6 Ne8 11. Qxe7 Nxe7 12. O-O-O f5 13. e5 Ng6 14. Re1
a6 15. Nd4 b5 16. h4 Bb7 17. h5 Nf4 18. Rh4 Nd5 19. Nxd5 Bxd5 20. b3 Rc8 21. f3
Nc7 22. Bd3 Na8 23. Kb2 Nb6 24. Ne2 Rc7 25. Nd4 Nc8 26. Re2 Ne7 27. f4 Rfc8 28.
g4 fxg4 29. Rxg4 Rf8 30. Re1 Rf7 31. Reg1 Rc8 32. Be2 Be4 33. Bd3 Bxd3 34. cxd3
Nd5 35. Ne2 Ne3 36. Nc3 Nxg4 37. Rxg4 Rcf8 38. Ne2 b4 39. a3 a5 40. a4 Rc8 41.
Kb1 Kf8 42. Kb2 Ke7 43. d4 d6 44. Ng3 dxe5 45. dxe5 Rcf8 46. Ne2 Ke8 47. Kc2
Rd7 48. Rg3 Kf7 49. Rd3 Rfd8 50. Nc1 Rc7+ 51. Kd2 Rxd3+ 52. Nxd3 Rc3 53. Nc1 h6
54. Kd1 g6 55. hxg6+ Kxg6 56. Kd2 h5 0-1

[Event "MCR mladeze 2014, D12"]
[Site "Kouty nad Desnou"]
[Date "2014.03.13"]
[Round "7"]
[White "Laurincova, Kristyna"]
[Black "Pribylova, Sofie"]
[Result "0-1"]
[WhiteElo "1476"]
[BlackElo "1540"]
[PlyCount "94"]
[EventDate "2014.??.??"]

1. e4 c5 2. Nf3 d6 3. d4 cxd4 4. Nxd4 Nf6 5. Nc3 a6 6. Be3 e5 7. Nb3 Be6 8. f3
h5 9. Nd5 Bxd5 10. exd5 Nbd7 11. Qd2 Rc8 12. O-O-O Nb6 13. Qa5 Qc7 14. c3 Nc4
15. Qxc7 Rxc7 16. Bxc4 Rxc4 17. Rhe1 Be7 18. g3 O-O 19. f4 Ng4 20. fxe5 Nxe3
21. Rxe3 Bg5 22. Rde1 Re4 23. Kd2 Rxe5 24. Kd3 Bxe3 25. Rxe3 Rxd5+ 26. Nd4 Re5
27. c4 Rfe8 28. Nf5 g6 29. Rxe5 dxe5 30. Ne3 f5 31. Nd5 Kg7 32. b3 g5 33. Ke3
f4+ 34. gxf4 exf4+ 35. Kf2 Kg6 36. h3 Kf5 37. Kf3 g4+ 38. hxg4+ hxg4+ 39. Kf2
Rh8 40. Kg2 Ke4 41. Nf6+ Kf5 42. Nd5 Rh3 43. Ne7+ Ke4 44. Nd5 f3+ 45. Kg1 g3
46. Nc3+ Kd3 47. Nd1 Kd2 0-1

[Event "MCR mladeze 2014, D12"]
[Site "Kouty nad Desnou"]
[Date "2014.03.13"]
[Round "7"]
[White "Otrubova, Kristyna"]
[Black "Kocourkova, Klara"]
[Result "0-1"]
[WhiteElo "1192"]
[BlackElo "1297"]
[PlyCount "62"]
[EventDate "2014.??.??"]

1. e4 d5 2. exd5 Nf6 3. d4 Bg4 4. f3 Bf5 5. Bb5+ Nbd7 6. Nc3 g6 7. Nge2 Bg7 8.
Ng3 O-O 9. Nxf5 gxf5 10. O-O Nb6 11. Bd3 Qc8 12. Bg5 Nfxd5 13. Nxd5 Nxd5 14. c3
h6 15. Bd2 e6 16. Qe1 c5 17. Qh4 cxd4 18. Bxh6 Bxh6 19. Qxh6 dxc3 20. bxc3 Qxc3
21. Rad1 Qg7 22. Qd2 Qd4+ 23. Rf2 Rad8 24. Qg5+ Qg7 25. Qd2 Qg6 26. g4 Kh8 27.
Rg2 Rg8 28. gxf5 Qxg2+ 29. Qxg2 Rxg2+ 30. Kxg2 Ne3+ 31. Kg3 Nxd1 0-1

[Event "MCR mladeze 2014, D12"]
[Site "Kouty nad Desnou"]
[Date "2014.03.13"]
[Round "7"]
[White "Schwarzova, Natalie"]
[Black "Richterova, Julie"]
[Result "0-1"]
[WhiteElo "1072"]
[BlackElo "1508"]
[PlyCount "60"]
[EventDate "2014.03.08"]

1. e4 c5 2. Nf3 Nc6 3. d4 cxd4 4. Nxd4 Nf6 5. Nc3 g6 6. Bc4 Bg7 7. Bg5 O-O 8.
O-O d6 9. Re1 Qb6 10. Nxc6 bxc6 11. b3 Ng4 12. Be3 Nxe3 13. Rxe3 Qa5 14. Qd2
Bh6 15. Rae1 Bxe3 16. Qxe3 Ba6 17. Bxa6 Qxa6 18. e5 Rfe8 19. e6 f6 20. a4 Qb6
21. Qh6 Qa5 22. Re3 Qf5 23. Re2 Rab8 24. Qe3 Rb7 25. Nd1 Reb8 26. Nb2 a6 27.
Nc4 Rb4 28. Na5 Qxa5 29. Qa7 Qxa4 30. Qxb8+ Rxb8 0-1

[Event "MCR mladeze 2014, D12"]
[Site "Kouty nad Desnou"]
[Date "2014.03.13"]
[Round "7"]
[White "Janotkova, Katerina"]
[Black "Vaskova, Marie"]
[Result "0-1"]
[WhiteElo "1023"]
[BlackElo "1348"]
[PlyCount "84"]
[EventDate "2014.03.08"]

1. e4 e5 2. Nf3 Nc6 3. Bb5 a6 4. Ba4 b5 5. Bb3 Bc5 6. O-O Nge7 7. Nxe5 Bxf2+ 8.
Rxf2 Nxe5 9. d4 Nc4 10. Qf3 O-O 11. e5 Rb8 12. Nd2 Bb7 13. Qf4 Bd5 14. Nf1 d6
15. c3 Ng6 16. Qg4 dxe5 17. Bc2 Qd6 18. h4 Qe6 19. Qg3 exd4 20. cxd4 Qd6 21.
Bf4 Nxf4 22. Rxf4 Nxb2 23. Re1 Rbe8 24. Rxe8 Rxe8 25. Ne3 Be6 26. Bf5 Bxf5 27.
Nxf5 Qg6 28. Qf2 Nd3 29. Qf3 Nxf4 30. Qxf4 Kf8 31. d5 Qf6 32. g3 Re5 33. Nd4
Qxf4 34. gxf4 Rxd5 35. Nc6 Rd2 36. a3 Ke8 37. Kf1 Kd7 38. Ne5+ Ke6 39. Nc6 Kd5
40. Nb4+ Ke4 41. Nxa6 Kf3 42. Nxc7 Rd1# 0-1

[Event "MCR mladeze 2014, D12"]
[Site "Kouty nad Desnou"]
[Date "2014.03.13"]
[Round "7"]
[White "Jordova, Zdenka"]
[Black "Beranova, Karin"]
[Result "1/2-1/2"]
[WhiteElo "1050"]
[BlackElo "1366"]
[PlyCount "54"]
[EventDate "2014.03.08"]

1. e4 e5 2. Nf3 Nc6 3. Nc3 Nf6 4. Bb5 Bc5 5.
O-O d6 6. d3 Bg4 7. Bg5 h6 8. Bh4 g5 9. Bg3 Qe7 10. Nd5 Nxd5 11. exd5 a6 12.
Bxc6+ bxc6 13. dxc6 O-O 14. h3 Bh5 15. Re1 Qf6 16. Bh2 Bxf3 17. gxf3 Rab8 18.
b3 Bd4 19. Rb1 d5 20. Bg3 h5 21. c4 h4 22. Bh2 dxc4 23. bxc4 Rxb1 24. Qxb1 Qxc6
25. Bxe5 Bxe5 26. Rxe5 f6 27. Rd5 Qe6 1/2-1/2

[Event "MCR mladeze 2014, D12"]
[Site "Kouty nad Desnou"]
[Date "2014.03.13"]
[Round "7"]
[White "Urbanova, Daniela"]
[Black "Lorencova, Michaela"]
[Result "1-0"]
[WhiteElo "1239"]
[BlackElo "1256"]
[PlyCount "93"]
[EventDate "2014.03.08"]

1. e4 e5 2. Nf3 Nf6 3. Nxe5 d6 4. Nf3 Nxe4 5. Qe2 Qe7 6. d3 Nf6 7. Bg5 Bg4 8.
Bxf6 Bxf3 9. Qxe7+ Bxe7 10. Bxe7 Bxg2 11. Bxg2 c6 12. Bxd6 Nd7 13. Nc3 Nf6 14.
O-O-O Rd8 15. Rhe1+ Kd7 16. Bf4 Kc8 17. Bh3+ Nd7 18. Bxd7+ Rxd7 19. Re4 Rhd8
20. Rde1 a6 21. Re8 g6 22. Rxd8+ Rxd8 23. Re7 Rd7 24. Rxd7 Kxd7 25. Kd2 Ke6 26.
Ke3 f5 27. Kd4 h5 28. Na4 Kd7 29. Kc5 Kc8 30. c4 Kd7 31. d4 Kc8 32. d5 cxd5 33.
Kxd5 Kd7 34. Nb6+ Ke7 35. b4 Kd8 36. a4 Ke7 37. b5 axb5 38. axb5 Kd8 39. c5 Ke7
40. c6 bxc6+ 41. bxc6 Kd8 42. c7+ Ke7 43. c8=Q Kf7 44. Qe6+ Kg7 45. Nd7 Kh7 46.
Qf7+ Kh8 47. Be5# 1-0

[Event "MCR mladeze 2014, D12"]
[Site "Kouty nad Desnou"]
[Date "2014.03.13"]
[Round "7"]
[White "Steiningerova, Jana"]
[Black "Postranecka, Zuzana"]
[Result "1/2-1/2"]
[WhiteElo "1083"]
[BlackElo "1100"]
[PlyCount "51"]
[EventDate "2014.03.08"]

1. e4 e5 2. Bc4 Nf6 3. Nf3 Nc6 4. O-O Nxe4 5. Nc3 Nxc3 6. dxc3 Bc5 7. Re1 d6 8.
Bg5 Qd7 9. Be3 O-O 10. Bxc5 dxc5 11. Nxe5 Qxd1 12. Raxd1 Bf5 13. Bd3 Bxd3 14.
cxd3 Nxe5 15. Rxe5 b6 16. d4 cxd4 17. Rxd4 Rfe8 18. Ree4 c5 19. Rxe8+ Rxe8 20.
Rd1 Kf8 21. b4 cxb4 22. cxb4 a5 23. bxa5 bxa5 24. g4 Re2 25. Rd8+ Ke7 26. Rh8
1/2-1/2

[Event "MCR mladeze 2014, D12"]
[Site "Kouty nad Desnou"]
[Date "2014.03.14"]
[Round "8"]
[White "Gresova, Zuzana"]
[Black "Kocourkova, Klara"]
[Result "1-0"]
[WhiteElo "1550"]
[BlackElo "1297"]
[PlyCount "65"]
[EventDate "2014.??.??"]

1. e4 d5 2. exd5 Nf6 3. Bb5+ Bd7 4. Be2 Bf5 5. d4 Nxd5 6. Nf3 Nc6 7. O-O e6 8.
a3 Bd6 9. c4 Nf4 10. Nc3 O-O 11. Re1 Nxe2+ 12. Qxe2 Bg4 13. Be3 Qf6 14. Ne4 Qf5
15. Nxd6 Bxf3 16. Nxf5 Bxe2 17. Rxe2 exf5 18. d5 Ne5 19. Bc5 Rfe8 20. Rae1 f6
21. f4 g6 22. fxe5 fxe5 23. Rxe5 Rxe5 24. Rxe5 b6 25. Bd4 Kf7 26. Re6 Rd8 27.
Rc6 Rd7 28. Be5 Re7 29. Rxc7 Rxc7 30. Bxc7 Ke7 31. Bb8 a6 32. Bc7 b5 33. c5 1-0

[Event "MCR mladeze 2014, D12"]
[Site "Kouty nad Desnou"]
[Date "2014.03.14"]
[Round "8"]
[White "Richterova, Julie"]
[Black "Markova, Kristyna"]
[Result "1-0"]
[WhiteElo "1506"]
[BlackElo "1366"]
[PlyCount "71"]
[EventDate "2014.??.??"]

1. d4 e6 2. c4 b6 3. Nf3 Bb7 4. Nc3 Bb4 5. Bf4 d6 6. e3 f5 7. Qc2 Bxc3+ 8. Qxc3
Nf6 9. Bd3 Nbd7 10. Qc2 Qe7 11. Bg5 h6 12. Bxf6 Qxf6 13. O-O-O O-O-O 14. Rhe1
Bxf3 15. gxf3 g6 16. Qa4 Kb7 17. c5 c6 18. Qa6+ Kb8 19. cxb6 axb6 20. Kb1 Rc8
21. Rc1 Qd8 22. Rc3 Qc7 23. Ra3 Qb7 24. Qxb7+ Kxb7 25. Ba6+ Kc7 26. Bxc8 Rxc8
27. Ra7+ Kd8 28. Rc1 c5 29. dxc5 Rxc5 30. Rxc5 bxc5 31. Kc2 Ke8 32. h3 Kd8 33.
a4 d5 34. a5 e5 35. a6 Nb6 36. Rb7 1-0

[Event "MCR mladeze 2014, D12"]
[Site "Kouty nad Desnou"]
[Date "2014.03.14"]
[Round "8"]
[White "Vilimova, Julie"]
[Black "Nemcova, Karin"]
[Result "0-1"]
[WhiteElo "1573"]
[BlackElo "1696"]
[PlyCount "72"]
[EventDate "2014.??.??"]

1. e4 Nc6 2. Nf3 d5 3. exd5 Qxd5 4. Nc3 Qa5 5. d4 Bg4 6. Be2 O-O-O 7. Be3 Nf6
8. h3 Bxf3 9. Bxf3 Ne5 10. O-O Nxf3+ 11. Qxf3 e6 12. a3 Be7 13. Rad1 h6 14.
Rfe1 g5 15. Bc1 Rhe8 16. Re5 Qa6 17. b4 Qc4 18. Qd3 Qxd3 19. Rxd3 Bd6 20. Re1
a6 21. Ne4 Nxe4 22. Rxe4 f5 23. Re1 e5 24. dxe5 Rxe5 25. Rxe5 Bxe5 26. Rxd8+
Kxd8 27. c4 b5 28. cxb5 axb5 29. Kf1 Kd7 30. Ke2 Ke6 31. Ke3 Bf4+ 32. Kd4 Bxc1
33. Kc5 Bxa3 34. Kxb5 Kd5 35. Ka4 Bb2 36. Kb3 Be5 0-1

[Event "MCR mladeze 2014, D12"]
[Site "Kouty nad Desnou"]
[Date "2014.03.14"]
[Round "8"]
[White "Pribylova, Sofie"]
[Black "Beranova, Karin"]
[Result "1-0"]
[WhiteElo "1540"]
[BlackElo "1336"]
[PlyCount "105"]
[EventDate "2014.??.??"]

1. d4 d5 2. c4 e6 3. Nc3 Be7 4. Nf3 Nf6 5. Bf4 Nc6 6. e3 O-O 7. h3 Nh5 8. Bh2
Bb4 9. Bd3 dxc4 10. Bxc4 Nf6 11. O-O Bxc3 12. bxc3 Re8 13. Qc2 Bd7 14. Rab1 Na5
15. Bd3 g6 16. Ne5 Rb8 17. Nxd7 Nxd7 18. h4 e5 19. h5 Qe7 20. hxg6 e4 21. gxh7+
Kh8 22. Bb5 Rbc8 23. Bxd7 Qxd7 24. Be5+ Kxh7 25. Qxe4+ Kg8 26. Qh4 Rxe5 27.
Qg3+ Kf8 28. Qxe5 Nc4 29. Qc5+ Nd6 30. Rxb7 Qe7 31. Rxa7 Ne4 32. Qxe7+ Kxe7 33.
c4 Nd2 34. Rc1 Rg8 35. Rxc7+ Kf6 36. a4 Nf3+ 37. Kf1 Nh2+ 38. Ke2 Rxg2 39. a5
Ng4 40. Kf3 Rxf2+ 41. Kxg4 Ra2 42. Rf1+ Kg6 43. Rcxf7 Rg2+ 44. Kh3 Re2 45. a6
Rxe3+ 46. R7f3 Re7 47. Rg1+ Kh5 48. Rf8 Re6 49. Rh8+ Rh6 50. Rxh6+ Kxh6 51. a7
Kh5 52. a8=Q Kh6 53. Qh8# 1-0

[Event "MCR mladeze 2014, D12"]
[Site "Kouty nad Desnou"]
[Date "2014.03.14"]
[Round "8"]
[White "Otrubova, Kristyna"]
[Black "Laurincova, Kristyna"]
[Result "1-0"]
[WhiteElo "1192"]
[BlackElo "1476"]
[PlyCount "120"]
[EventDate "2014.03.08"]

1. e4 c5 2. Nf3 d6 3. d4 cxd4 4. Qxd4 Nc6 5. Bb5 Bd7 6. Bxc6 Bxc6 7. Nc3 Nf6 8.
Bg5 e5 9. Qd3 Be7 10. Rf1 O-O 11. O-O-O Ne8 12. Bxe7 Qxe7 13. Nd5 Bxd5 14. Qxd5
Rc8 15. Kb1 Rc5 16. Qd2 Qc7 17. c3 Qc6 18. Rfe1 a5 19. h4 a4 20. a3 Rb5 21. g4
Qc5 22. Ka1 Rb6 23. h5 Nc7 24. Qe3 Qb5 25. Qe2 Qb3 26. Rb1 Nb5 27. Nd2 Qe6 28.
Nc4 Ra6 29. Red1 Re8 30. Nd2 Rc6 31. Qxb5 Qxg4 32. Qxa4 Qh3 33. Rbc1 Ra6 34.
Qb5 Raa8 35. Qxb7 Qe6 36. Qd5 Qc8 37. Nc4 Qb8 38. Nxd6 Rxa3+ 39. Kb1 Ra1+ 40.
Kc2 Ra2 41. Rb1 Qc7 42. Qc4 Qa7 43. Nb5 Qxf2+ 44. Rd2 Qb6 45. Qc7 Qxc7 46. Nxc7
Rc8 47. Rdd1 g6 48. h6 f5 49. Nd5 Ra7 50. Ra1 Rf7 51. exf5 gxf5 52. Rf1 f4 53.
Kd3 Rd8 54. Ke4 Re8 55. b4 f3 56. Rxf3 Rxf3 57. Kxf3 e4+ 58. Ke3 Kf7 59. b5 Rb8
60. Rb1 Ke6 1-0

[Event "MCR mladeze 2014, D12"]
[Site "Kouty nad Desnou"]
[Date "2014.03.14"]
[Round "8"]
[White "Vaskova, Marie"]
[Black "Urbanova, Daniela"]
[Result "0-1"]
[WhiteElo "1348"]
[BlackElo "1239"]
[PlyCount "70"]
[EventDate "2014.03.08"]

1. e4 d6 2. d4 e5 3. d5 Nf6 4. Bg5 Be7 5. Nc3 O-O 6. Bd3 h6 7. Bxf6 Bxf6 8. Qf3
c6 9. O-O-O Re8 10. Nge2 Nd7 11. Ng3 Nc5 12. a3 a5 13. Kd2 Bg5+ 14. Ke2 cxd5
15. Nxd5 Ne6 16. c3 g6 17. Bc4 Rf8 18. Rhe1 b6 19. Kf1 Kg7 20. Rd3 Ra7 21. Red1
Ba6 22. Bxa6 Rxa6 23. Ne3 b5 24. c4 Nd4 25. Qg4 bxc4 26. Nxc4 h5 27. Qh3 Qc8
28. Qxc8 Rxc8 29. b3 a4 30. Nd2 Bxd2 31. R1xd2 axb3 32. Ne2 Nxe2 33. Kxe2 Rxa3
34. Rb2 Rb8 35. Kd2 Ra2 {necitelny zapis} 0-1

[Event "MCR mladeze 2014, D12"]
[Site "Kouty nad Desnou"]
[Date "2014.03.14"]
[Round "8"]
[White "Postranecka, Zuzana"]
[Black "Schwarzova, Natalie"]
[Result "0-1"]
[WhiteElo "1100"]
[BlackElo "1072"]
[PlyCount "138"]
[EventDate "2014.03.08"]

1. e4 e5 2. Nf3 Nc6 3. Bc4 Nf6 4. d3 d5 5. exd5 Nxd5 6. Bxd5 Qxd5 7. Nc3 Bb4 8.
a3 Bxc3+ 9. bxc3 Bg4 10. O-O Bxf3 11. Qxf3 Qxf3 12. gxf3 O-O-O 13. Be3 h5 14.
a4 a5 15. Rfd1 Ne7 16. d4 exd4 17. cxd4 Nf5 18. c3 Rhe8 19. Re1 Nh4 20. Re2
Nxf3+ 21. Kg2 Nh4+ 22. Kh1 Ng6 23. Rae1 Kd7 24. Bg5 Rxe2 25. Rxe2 f6 26. Bd2
Re8 27. Rxe8 Kxe8 28. Kg2 Ke7 29. c4 Nh4+ 30. Kg3 Nf5+ 31. Kf4 Nxd4 32. Bxa5
Ne6+ 33. Ke3 Kd6 34. Bb4+ c5 35. Ba3 Ke5 36. a5 Nd4 37. Bb2 g5 38. Bxd4+ cxd4+
39. Kd3 f5 40. Kc2 f4 41. Kb3 h4 42. c5 Kd5 43. Kb4 d3 44. Kc3 Kxc5 45. Kxd3
Kd5 46. Ke2 g4 47. f3 g3 48. hxg3 hxg3 49. Kf1 Kc5 50. Kg2 Kb5 51. Kh3 Kxa5 52.
Kg2 b5 53. Kf1 b4 54. Ke1 b3 55. Kd1 b2 56. Kc2 g2 57. Kxb2 g1=Q 58. Kc3 Qe3+
59. Kc4 Kb6 60. Kd5 Qc5+ 61. Ke4 Qe7+ 62. Kxf4 Kc5 63. Kg4 Kd5 64. f4 Ke4 65.
f5 Qg7+ 66. Kh3 Kxf5 67. Kh2 Kf4 68. Kh1 Kf3 69. Kh2 Qg2# 0-1

[Event "MCR mladeze 2014, D12"]
[Site "Kouty nad Desnou"]
[Date "2014.03.14"]
[Round "8"]
[White "Steiningerova, Jana"]
[Black "Janotkova, Katerina"]
[Result "0-1"]
[WhiteElo "1083"]
[BlackElo "1023"]
[PlyCount "82"]
[EventDate "2014.03.08"]

1. e4 e5 2. Nf3 Nc6 3. Bc4 Nf6 4. d4 exd4 5. O-O Bc5 6. e5 d5 7. exf6 dxc4 8.
fxg7 Rg8 9. Bg5 Qd5 10. Re1+ Be6 11. Nc3 Qd6 12. Ne4 Qd5 13. Nxc5 Qxc5 14. Re4
Qf5 15. Rf4 Qb5 16. Nxd4 Nxd4 17. Rxd4 Qxg5 18. Qd2 Qxd2 19. Rxd2 Rd8 20. Rad1
Rxd2 21. Rxd2 Rxg7 22. b3 cxb3 23. cxb3 Rg5 24. Kf1 Bd5 25. f3 Ke7 26. f4 Rf5
27. Rd4 c5 28. g4 cxd4 29. gxf5 Kd6 30. Ke2 Kc5 31. Kd3 a5 32. a4 Bxb3 33. h4
Bxa4 34. h5 Bb5+ 35. Kc2 Kb4 36. Kb2 d3 37. Kc1 Kb3 38. h6 a4 39. f6 a3 40. Kb1
d2 41. f5 d1=Q# 0-1

[Event "MCR mladeze 2014, D12"]
[Site "Kouty nad Desnou"]
[Date "2014.03.14"]
[Round "8"]
[White "Solcova, Andrea"]
[Black "Jordova, Zdenka"]
[Result "1-0"]
[WhiteElo "1260"]
[BlackElo "1050"]
[PlyCount "73"]
[EventDate "2014.03.08"]

1. e4 c5 2. Nf3 d6 3. d4 cxd4 4. Nxd4 Nf6 5. Nc3 g6 6. Bb5+ Bd7 7. O-O Bg7 8.
Qd3 O-O 9. Bxd7 Nbxd7 10. Bg5 Rc8 11. Rfe1 Re8 12. f4 e5 13. fxe5 Nxe5 14. Qd2
h6 15. Bxh6 Bh8 16. Qg5 Nfg4 17. Qxd8 Rexd8 18. Bf4 Nc4 19. b3 Bxd4+ 20. Kh1
Nb6 21. Bd2 Bxc3 22. Bxc3 Rxc3 23. h3 Ne3 24. Rac1 Nxc2 25. Red1 Re8 26. Rxd6
Rxe4 27. Rd8+ Kg7 28. Rb8 Re7 29. Kh2 Nd7 30. Rxb7 a6 31. Ra7 Nc5 32. Rxe7 Nd3
33. Rf1 Kf8 34. Rfxf7+ Kg8 35. Ra7 g5 36. Rfe7 Ndb4 37. Re8# 1-0

[Event "MCR mladeze 2014, D12"]
[Site "Kouty nad Desnou"]
[Date "2014.03.15"]
[Round "9"]
[White "Gresova, Zuzana"]
[Black "Otrubova, Kristyna"]
[Result "1-0"]
[WhiteElo "1550"]
[BlackElo "1192"]
[PlyCount "75"]
[EventDate "2014.??.??"]

1. e4 e5 2. Nf3 Nc6 3. d4 exd4 4. Bc4 Nf6 5. e5 Ng4 6. O-O d6 7. exd6 Qxd6 8.
h3 Nf6 9. Ng5 Be6 10. Re1 Nd8 11. Na3 a6 12. c3 h6 13. Nxe6 fxe6 14. Qb3 dxc3
15. Bxe6 Be7 16. Bf5 Qd5 17. Bg6+ Kf8 18. Qxc3 Nc6 19. Bf4 Bb4 20. Qe3 Bxe1 21.
Rxe1 Qxa2 22. Bxc7 Qd5 23. Nb1 Qd4 24. Qa3+ Kg8 25. Qb3+ Qd5 26. Qxb7 Nd4 27.
Qb6 Qc6 28. Qa5 Nb3 29. Qb4 Qxc7 30. Qxb3+ Kf8 31. Nc3 Rb8 32. Qa3+ Kg8 33. Re7
Qc6 34. Qa2+ Nd5 35. Qxd5+ Qxd5 36. Nxd5 Kf8 37. Rf7+ Ke8 38. Rb7+ 1-0

[Event "MCR mladeze 2014, D12"]
[Site "Kouty nad Desnou"]
[Date "2014.03.15"]
[Round "9"]
[White "Nemcova, Karin"]
[Black "Urbanova, Daniela"]
[Result "1-0"]
[WhiteElo "1696"]
[BlackElo "1239"]
[PlyCount "127"]
[EventDate "2014.??.??"]

1. e4 e5 2. Nf3 Nc6 3. Bc4 Bc5 4. c3 Nf6 5. d4 exd4 6. cxd4 Bb4+ 7. Bd2 Bxd2+
8. Nbxd2 d5 9. exd5 Nxd5 10. O-O O-O 11. Rc1 Bg4 12. h3 Bh5 13. Bxd5 Qxd5 14.
Rc5 Bxf3 15. Rxd5 Bxd1 16. Rxd1 Rad8 17. Rxd8 Rxd8 18. Nf3 f6 19. Rc1 Nxd4 20.
Nxd4 Rxd4 21. Rxc7 Rb4 22. b3 a5 23. Rc8+ Kf7 24. Ra8 b6 25. Ra7+ Kg6 26. Kf1
Re4 27. f3 Re5 28. Kf2 Kh6 29. f4 Rf5 30. Ke3 g5 31. fxg5+ Rxg5 32. g4 Re5+ 33.
Kf4 Kg6 34. Rb7 b5 35. a3 h5 36. Ra7 hxg4 37. hxg4 b4 38. axb4 Rb5 39. bxa5
Rxb3 40. a6 Rb4+ 41. Kg3 Rb3+ 42. Kh4 Ra3 43. Ra8 Kg7 44. a7 Kh7 45. Rf8 Rxa7
46. Rxf6 Kg7 47. g5 Rf7 48. Rb6 Rf4+ 49. Kh5 Rf7 50. Rg6+ Kh7 51. Rf6 Rxf6 52.
gxf6 Kh8 53. Kh6 Kg8 54. Kg6 Kh8 55. Kf7 Kh7 56. Ke8 Kg6 57. f7 Kh7 58. Ke7 Kg6
59. f8=Q Kh5 60. Qf4 Kg6 61. Qg4+ Kh7 62. Qg5 Kh8 63. Kf7 Kh7 64. Qh5# 1-0

[Event "MCR mladeze 2014, D12"]
[Site "Kouty nad Desnou"]
[Date "2014.03.15"]
[Round "9"]
[White "Kocourkova, Klara"]
[Black "Pribylova, Sofie"]
[Result "1/2-1/2"]
[WhiteElo "1297"]
[BlackElo "1540"]
[PlyCount "90"]
[EventDate "2014.??.??"]

1. Nf3 Nf6 2. d4 g6 3. c4 Bg7 4. Nc3 d5 5. cxd5 Nxd5 6. e4 Nxc3 7. bxc3 c5 8.
Be2 Nc6 9. Be3 Bg4 10. Ng1 cxd4 11. cxd4 Bxe2 12. Nxe2 O-O 13. O-O Rc8 14. Rc1
Qa5 15. Qb3 b6 16. Rc4 Qa6 17. Qa4 Qxa4 18. Rxa4 Na5 19. Rc1 Rxc1+ 20. Bxc1 Rc8
21. Bf4 Rc2 22. Kf1 Rc4 23. Rxc4 Nxc4 24. f3 e5 25. dxe5 Nxe5 26. Be3 Kf8 27.
Bd4 Nc6 28. Bxg7+ Kxg7 29. Ke1 Kf6 30. f4 Ke6 31. Kd2 Kd6 32. Kc3 Kc5 33. Nc1
b5 34. Nb3+ Kd6 35. a3 a5 36. g3 Kc7 37. Kd3 Kb6 38. Kc3 b4+ 39. axb4 Nxb4 40.
Kc4 Nc2 41. Kc3 Ne3 42. e5 a4 43. Nd2 Kc5 44. Ne4+ Kc6 45. Kb4 h5 1/2-1/2

[Event "MCR mladeze 2014, D12"]
[Site "Kouty nad Desnou"]
[Date "2014.03.15"]
[Round "9"]
[White "Laurincova, Kristyna"]
[Black "Richterova, Julie"]
[Result "1-0"]
[WhiteElo "1476"]
[BlackElo "1506"]
[PlyCount "79"]
[EventDate "2014.??.??"]

1. e4 e5 2. Nf3 Nf6 3. Nc3 Bb4 4. Bc4 O-O 5. O-O Bxc3 6. bxc3 d6 7. Re1 Bg4 8.
d4 exd4 9. cxd4 Re8 10. Qd3 h6 11. Rb1 b6 12. c3 Bxf3 13. Qxf3 Nbd7 14. Bf4 Qe7
15. Bd3 Nf8 16. e5 dxe5 17. dxe5 N6d7 18. Re3 Nc5 19. Bc2 Nfe6 20. Rbe1 Nxf4
21. Qxf4 Qe6 22. Bf5 Qe7 23. Rg3 Kh8 24. Rh3 Kg8 25. Ree3 Rad8 26. Qg4 Qg5 27.
f4 Qxg4 28. Bxg4 Rd2 29. Re2 Rxe2 30. Bxe2 Rd8 31. Bc4 Rd1+ 32. Kf2 Ne4+ 33.
Ke2 Rc1 34. Rd3 Rxc3 35. Rd8+ Kh7 36. Bd3 Rxd3 37. Kxd3 Nc5+ 38. Ke3 Kg6 39. g4
f6 40. e6 1-0